| 000 | 00595nam a2200217Ia 4500 | ||
|---|---|---|---|
| 005 | 20250508165441.0 | ||
| 008 | 008 250505s9999 xx 000 0 eng d | ||
| 020 | _a978-0-415-80430-1 | ||
| 037 | _aReference | ||
| 040 |
_aFEDL _beng _cFEDL |
||
| 041 |
_aeng _2eng |
||
| 084 |
_a375, PIN/RR _qFEDL |
||
| 100 |
_aPinar William F Ed. _9780898 |
||
| 245 | 0 | _aInternational handbook of curriculum research | |
| 250 | _a2 | ||
| 260 |
_aLondon, UK _bRoutledge _c2014 |
||
| 300 | _axi, 554p. | ||
| 365 |
_aGBP _b74.99 |
||
| 942 |
_cREF _h375, PIN/RR |
||
| 999 |
_c1395164 _d1395164 |
||